| Поле | Инд. | ПП | Название | Значение |
|---|---|---|---|---|
| Тип записи | a | |||
| Библиографический уровень | m | |||
| 001 | Контрольный номер | 61d4e3a2-50f3-453d-a330-cbee01286192 | ||
| 005 | Дата корректировки | 20140226143505.9 | ||
| 008 | Кодируемые данные | 950630s1995 rur 00000 rus d | ||
| 020 | c | Цена, тираж | 15.44 | |
| 040 | a | Служба первич. каталог. | НБ ТвГУ | |
| 041 | a | Код языка текста | rus | |
| 080 | a | Индекс УДК | 159.923 | |
| 084 | a | Индекс другой классификации/Индекс ББК | Ю937 | |
| 090 | a | Полочн. индекс | 15 | |
| x | Авторский знак | Т33 | ||
| 245 | 10 | a | Заглавие | Теоретические проблемы психологии личности |
| b | Продолж. заглавия | [сб. ст.] | ||
| c | Ответственность | АН СССР, Ин-т психологии ; [отв. ред. Е. В. Шорохова] | ||
| 260 | 0_ | a | Место издания | Москва |
| b | Издательство | Наука | ||
| c | Дата издания | 1974 | ||
| 300 | a | Объем | 317,[2] с. | |
| 583 | a | Действие | Приписка 143 23.02.98 | |
| k | Исполнитель действия | Дар МФ "Интерконтакт" | ||
| 650 | a | Основная рубрика | Личность | |
| x | Основная подрубрика | Психология | ||
| 650 | a | Основная рубрика | Психология личности | |
| 653 | a | Ключевые слова | Личность | |
| a | Ключевые слова | Психология личности | ||
| a | Ключевые слова | Сборники | ||
| 700 | 1_ | a | Другие авторы | Шорохова Екатерина Васильевна |
| e | Роль лиц | ред. | ||
| 863 | t | 10690000018960 | ||
| 888 | a | Бесплатные | ||
| 920 | a | Оператор | Лиси | |
| 930 | a | Новая/Ретро | Сборники | |
| a | Новая/Ретро | Научная | ||
| 952 | p | 143.98 15.44 1 693533 | ||
| c | Вид литературы | К рн | ||
| 954 | a | Дата поступления на обработку | 24.02.98 |